|
|
|
|
| LEADER |
00779nam a2200265 4500 |
| 001 |
DLU120135519 |
| 005 |
##20120523 |
| 040 |
# |
# |
|a DLU
|b vie
|
| 041 |
# |
# |
|a vie
|
| 044 |
# |
# |
|a vn
|
| 100 |
# |
# |
|a Nguyễn Cảnh Toàn,
|c GS.TS.
|
| 245 |
# |
# |
|a Công lao của các ông thầy trong /
|c Nguyễn Cảnh Toàn.
|
| 653 |
# |
# |
|a Đào tạo nguồn nhân lực
|
| 653 |
# |
# |
|a Đào tạo từ xa
|
| 653 |
# |
# |
|a Lịch sử giáo dục
|
| 773 |
# |
# |
|t Dạy và học ngày nay
|g Số 1, 2011, tr. 16-17
|
| 920 |
# |
# |
|a Phòng Tạp chí -- Trung tâm Thông tin - Thư viện Trường Đại học Đà Lạt
|
| 994 |
# |
# |
|a DLU
|
| 900 |
# |
# |
|a True
|
| 911 |
# |
# |
|a Nguyễn Thị Linh Chi
|
| 925 |
# |
# |
|a G
|
| 926 |
# |
# |
|a A
|
| 927 |
# |
# |
|a BB
|
| 980 |
# |
# |
|a Thư viện Trường Đại học Đà Lạt
|